ՀՀ Գիտությունների ազգային ակադեմիայի հիմնարար գիտական գրադարան  =   Fundamental Scientific Library of NAS RA

Паутинка : (Record no. 236132)

MARC details
000 -LEADER
fixed length control field 00775nam a2200217 a 4500
001 - CONTROL NUMBER
control field 000583265
003 - CONTROL NUMBER IDENTIFIER
control field AM-YEHGA
005 - DATE AND TIME OF LATEST TRANSACTION
control field 20250617141315.0
008 - FIXED-LENGTH DATA ELEMENTS--GENERAL INFORMATION
fixed length control field 080529s1987 ru ||||gr|||||||||1|rus|d
040 ## - CATALOGING SOURCE
Original cataloging agency AM-YeHGA
041 1# - LANGUAGE CODE
Language code of text/sound track or separate title rus
Language code of original jpn
090 ## - LOCALLY ASSIGNED LC-TYPE CALL NUMBER (OCLC); LOCAL CALL NUMBER (RLIN)
-- 237699
100 1# - MAIN ENTRY--PERSONAL NAME
Personal name Акутагава Рюноскэ,
Dates associated with a name 1892-1927
245 10 - TITLE STATEMENT
Title Паутинка :
Remainder of title Новеллы ; Пер. с яп. /
Statement of responsibility, etc. Р. Акутагава ; Коммент. Н.И. Фельдман, В.С. Сановича.
260 ## - PUBLICATION, DISTRIBUTION, ETC.
Place of publication, distribution, etc. Москва :
Name of publisher, distributor, etc. Правда,
Date of publication, distribution, etc. 1987.
300 ## - PHYSICAL DESCRIPTION
Extent 480 с. ;
Dimensions 20 см.
650 14 - SUBJECT ADDED ENTRY--TOPICAL TERM
Topical term or geographic name entry element Японская литература
700 1# - ADDED ENTRY--PERSONAL NAME
Personal name Фельдман, Н. И.
Relator term коммент.
Relationship cmm
700 1# - ADDED ENTRY--PERSONAL NAME
Personal name Санович, В. С.
Relator term коммент.
Relationship cmm
942 ## - ADDED ENTRY ELEMENTS (KOHA)
Source of classification or shelving scheme Universal Decimal Classification
Koha item type Գրքեր / Books
Holdings
Withdrawn status Lost status Damaged status Not for loan Collection Home library Current library Date acquired Total checkouts Full call number Barcode Date last seen Price effective from Koha item type Public note Source of classification or shelving scheme
        General Fundamental Scientific Library Fundamental Scientific Library 28/12/2016   PII/577774 FL0095065 28/12/2016 28/12/2016 Գրքեր / Books 30 Days Loan  
        General Fundamental Scientific Library Fundamental Scientific Library 25/09/2019   PII/658206 FL0559399 25/09/2019 25/09/2019 Գրքեր / Books 30 Days Loan Universal Decimal Classification
        General Fundamental Scientific Library Fundamental Scientific Library 27/09/2023   РII/661144 FL0680394 27/09/2023 27/09/2023 Գրքեր / Books 30 Days Loan  


ՀՀ ԳԱԱ հիմնարար գիտական գրադարան
ՀՀ,Երևան 0019
Մարշալ Բաղրամյան 24/6
հեռախոս:(374-10) 52-47-50
Հետադարձ կապ

All site content, except where otherwise noted, is licensed under a
Creative Commons License